Normal view
MARC view
- ABDULLAH,FAHD,SULEMAN
Entry Personal Name
001 - CONTROL NUMBER
- control field: 72208
003 - CONTROL NUMBER IDENTIFIER
- control field: NUST
005 - DATE AND TIME OF LATEST TRANSACTION
- control field: 20210628204746.0
008 - FIXED-LENGTH DATA ELEMENTS
- fixed length control field: 210628|| aca||aabn | a|a d
040 ## - CATALOGING SOURCE
- Original cataloging agency: NUST
- Transcribing agency: NUST
100 ## - HEADING--PERSONAL NAME
- Personal name: ABDULLAH,FAHD,SULEMAN
670 ## - SOURCE DATA FOUND
- Source citation: Work cat.: (NUST): ABDULLAH,FAHD,SULEMAN, PR-SOF-1142-DESIGN AND FABRICATION OF CONCENTRIC PARABOLIC COLLECTOR
